Регионална библиотека "Любен Каравелов" - Русе

Посещение на първия секретар на ЦК на БКП и председател на държавния съвет на НРБ Тодор Живков в Мексиканските съединени щати и Република Куба (Запис номер 483176)

MARC детайли
000 -Лидер
Контролно поле с фиксирана дължина nam a22 7a 4500
003 - Код на организацията, давaща контролен номер
Контролно поле BLK
005 - Дата и час на последна редакция
Контролно поле 20221201114910.0
008 - Елементи от данни с фиксирана дължина
fixed length control field 200623b bu ||||| |||| 00| 0 bu d
040 ## - Източник на каталожния запис
Идентификатор на билиотеката - собственик на записа BLK
041 ## - Код за език
Код за езика на текст/звукозапис или на отделно заглавие Български
Код за езика КДБФ Български
080 ## - УДК
Текстов определител УДК Дипломатически протокол (церимониал, етикет) - вж и 341.7 ; 327
УДК код - определител по УДК 395:327
УДК - код + определител 395:327
139 ## - Редно поле
Редна дума Посещение на първия секретар на ЦК на БКП и председател на държавния съвет на НРБ Тодор Живков в Мексиканските съединени щати и Република Куба
245 ## - Сведения за заглавието
Заглавие Посещение на първия секретар на ЦК на БКП и председател на държавния съвет на НРБ Тодор Живков в Мексиканските съединени щати и Република Куба
Подзаглавни данни 3 - 11 април 1979 г.
Редно поле (дума) състав. Златка Ангелова
257 ## - Страна на издаване
Страна на създаване/издаване България
260 ## - Област на издателските данни
9 (RLIN) 212053
Място на издаване, разпространение и проч. София
Име на издателя, разпространителя и проч. М-во на външ. работи
Година на издаване 1979
Издателство - префикс ISBN 954-91261-
300 ## - Физическа характеристика
Страници 102 с.
Размери/Мащаб 20 см
380 ## - Жанр
Жанр Обществени науки
650 #0 - Допълнително описание по предмет – тема
9 (RLIN) 248177
Основно описание – тема или топоним Дипломация - България
650 #7 - Допълнително описание по предмет – тема
9 (RLIN) 161809
Основно описание – тема или топоним Международни политически отношения
651 #7 - Допълнително описание по предмет - топоним
9 (RLIN) 179210
Географско понятие Мексико
651 #7 - Допълнително описание по предмет - топоним
9 (RLIN) 179102
Географско понятие Куба
700 ## - Други автори (авторска отговорност)
9 (RLIN) 1478
Лично име Ангелова, Златка
Автороска отговорност (Описва отношението между автора и произведението) състав.
852 ## - Местоположение
Форматна сигнатура Цб 102128
Фондова буква Хранилище
856 ## - Електронен адрес и достъп
Инструкция (цена за достъп) 0.00
Права за достъп disable
999 ## - СИСТЕМНИ КОНТРОЛНИ НОМЕРА
Koha biblionumber 483176
Koha biblioitemnumber 483176
942 ## - АРТИКУЛИ
Вид на библиотечния материал Книги
Скрит в OPAC Не
Периодичен библиозапис Да
944 ## - СЪЗДАВАНЕ И РЕДАКЦИЯ на ЗАПИСА
Създаване/Редакция Създаване
Дата на регистрацията/редакция 2022-12-01
944 ## - СЪЗДАВАНЕ И РЕДАКЦИЯ на ЗАПИСА
Създаване/Редакция Редакция
Дата на регистрацията/редакция 2022-03-29
Служител, извършил регистрацията/редакцията вт
999 ## - СИСТЕМНИ КОНТРОЛНИ НОМЕРА
Koha biblioitemnumber 483176
999 ## - СИСТЕМНИ КОНТРОЛНИ НОМЕРА
Koha biblioitemnumber 483173
999 ## - СИСТЕМНИ КОНТРОЛНИ НОМЕРА
Koha biblioitemnumber 483173
Наличности
Код за отписване Код за изгубен артикул Източник на класификационната схема Код за повреда Коз за рестрикции Код за отдаване Артикулен № Име на библиотеката - собственик Име на библиотеката, в която се намира в момента Статус (Текущо местоположение) Дата на вписване в системата Местоположение - отдел Цена в лева Инвентарен номер Систематично азбучна сигнатура Баркод Цена в евро Служебен тип на артикула
  Не е изгубен Universal Decimal Classification Не е повреден само за читалня ползва се в читалня 916920 Регионална библиотека "Любен Каравелов" Русе Регионална библиотека "Любен Каравелов" Русе Хранилище 2022-12-08 Хранилище 0.45 298177 Цб 102128 120000298177 0.23 Книги
Vip Innovations Ltd, Rousse, Bulgaria 2025